Générique La loi de Milo Murphy - Paroles - Statistiques

Statistiques générales
  • Ce quiz a été pris 29 fois
  • Le résultat moyen est 14 sur 15
Statistiques - réponses
Paroles % Correct
Le ciel est {bleu}
100%
Le soleil {brille}
100%
C'est une superbe {journée} qui s'annonce
97%
Dans le meilleur des {mondes}
97%
Tout va bien dans le meilleur des {mondes}
97%
Tout va bien dans le meilleur des {mondes}
97%
Who Oh Oh Oh Oh Oh {Oh}
97%
Who Oh Oh Oh Oh Oh {Oh}
97%
On ne s'ennuie jamais une seule {seconde}
93%
On ne s'ennuie jamais une seule {seconde}
93%
Who Oh Oh Oh Oh Oh {Oh}
93%
Tous ces spectacles me remplissent de {joie}
86%
Je suis {heureux}
83%
J'ai mis mon plus beau {pull}
76%
La boîte aux lettres et l'{arbre} sont là
62%
Aucun quiz correspondant
Distribution des résultats
% des personnes avec chaque résultat
Percentile par nombre de réponses
Votre historique - résultats
Vous n’avez pas pris ce quiz